Molecular Biology of the Cell (Record no. 16451)
[ view plain ]
| 000 -LEADER | |
|---|---|
| fixed length control field | 00587nam a22002057a 4500 |
| 003 - CONTROL NUMBER IDENTIFIER | |
| control field | OSt |
| 005 - DATE AND TIME OF LATEST TRANSACTION | |
| control field | 20170105103440.0 |
| 008 - FIXED-LENGTH DATA ELEMENTS--GENERAL INFORMATION | |
| fixed length control field | 120419t xxu||||| |||| 00| 0 eng d |
| 020 ## - INTERNATIONAL STANDARD BOOK NUMBER | |
| International Standard Book Number | 0815335776 |
| 040 ## - CATALOGING SOURCE | |
| Original cataloging agency | ASAB library. |
| Transcribing agency | ASAB |
| 082 ## - DEWEY DECIMAL CLASSIFICATION NUMBER | |
| Classification number | 571.6,WIL |
| 100 ## - MAIN ENTRY--PERSONAL NAME | |
| Personal name | Molecular Biology of THE CELL A problems approach |
| 9 (RLIN) | 74 |
| 245 ## - TITLE STATEMENT | |
| Title | Molecular Biology of the Cell |
| Remainder of title | A problems Approach |
| Statement of responsibility, etc. | John Wilson and Tim Hunt |
| 250 ## - EDITION STATEMENT | |
| Edition statement | 4th Ed |
| 300 ## - PHYSICAL DESCRIPTION | |
| Extent | 711 Pages |
| 440 ## - SERIES STATEMENT/ADDED ENTRY--TITLE | |
| Title | Molecular Biology The Cell |
| 9 (RLIN) | 75 |
| 600 ## - SUBJECT ADDED ENTRY--PERSONAL NAME | |
| Personal name | John Wilson |
| 9 (RLIN) | 76 |
| 650 ## - SUBJECT ADDED ENTRY--TOPICAL TERM | |
| Source of heading or term | The Cell |
| 9 (RLIN) | 77 |
| 942 ## - ADDED ENTRY ELEMENTS (KOHA) | |
| Source of classification or shelving scheme | |
| Koha item type | Book |
| Withdrawn status | Lost status | Source of classification or shelving scheme | Damaged status | Not for loan | Permanent Location | Current Location | Date acquired | Total Checkouts | Full call number | Barcode | Date last seen | Date last checked out | Price effective from | Koha item type | Copy number |
|---|---|---|---|---|---|---|---|---|---|---|---|---|---|---|---|
| Atta-ur-Rahman School of Applied Biosciences (ASAB) | Atta-ur-Rahman School of Applied Biosciences (ASAB) | 03/17/2016 | 2 | 571.6 WIL | ASAB1385 | 10/04/2016 | 10/04/2016 | 03/17/2016 | Book | ||||||
| Atta-ur-Rahman School of Applied Biosciences (ASAB) | Atta-ur-Rahman School of Applied Biosciences (ASAB) | 11/11/2015 | 1 | 571.6 WIL | ASAB1383 | 02/08/2016 | 11/11/2015 | 11/11/2015 | Book | ||||||
| Atta-ur-Rahman School of Applied Biosciences (ASAB) | Atta-ur-Rahman School of Applied Biosciences (ASAB) | 10/12/2015 | 1 | 571.6 WIL | ASAB750 | 06/16/2017 | 10/12/2015 | 10/12/2015 | Book | Original copy | |||||
| Atta-ur-Rahman School of Applied Biosciences (ASAB) | Atta-ur-Rahman School of Applied Biosciences (ASAB) | 10/12/2015 | 1 | 571.6 WIL | ASAB1387 | 03/22/2017 | 10/12/2015 | 10/12/2015 | Book | ||||||
| Atta-ur-Rahman School of Applied Biosciences (ASAB) | Atta-ur-Rahman School of Applied Biosciences (ASAB) | 12/01/2014 | 2 | 571.6 WIL | ASAB1354 | 09/26/2016 | 03/17/2016 | 12/01/2014 | Book | ||||||
| Atta-ur-Rahman School of Applied Biosciences (ASAB) | Atta-ur-Rahman School of Applied Biosciences (ASAB) | 04/19/2012 | 571.6 WIL | ASAB532 | 04/19/2012 | 04/19/2012 | Book |
